| 000 | 01026cam a22002655a 4500 | ||
|---|---|---|---|
| 001 | L155404 | ||
| 008 | 100428s2011 xxk f 000 0 eng d | ||
| 020 | _a9781907196232 | ||
| 035 | _a(Sirsi) u155404 | ||
| 041 | 0 | _aeng | |
| 050 | 0 | 4 | _a692.5 $2 18 |
| 110 | 2 |
_aBuilding Cost Information Service _91096 |
|
| 245 | 0 | 0 |
_aWessex guide to estimating for small works _b2012 |
| 250 | _a18th ed. | ||
| 260 |
_aPoole _bBCIS _c2012 |
||
| 300 |
_a1v. _c21cm. |
||
| 350 | _a55 | ||
| 520 | _aThe aim of this book is to assist the smaller builder to estimate the cost of building works quickly and simply. The book gives the cost of each building section or element and provides a comprehensive selection of standard estimates priced in sections for a range of traditionally constructed building extensions of various types and sizes. | ||
| 520 | _aSupersedes 17th ed. (ISBN 9781907196126). | ||
| 521 | _aAdvanced | ||
| 590 | _aKA | ||
| 651 | 4 |
_aUnited Kingdom _y |
|
| 690 | _aBUILT ENVIRONMENT-BUILDING COSTS | ||
| 942 | _n0 | ||
| 999 |
_c113546 _d113546 |
||